000 00512nam a2200181Ia 4500
001 45259
008 140428s9999 xx 000 0 und d
020 _aNA
040 _cPK-LaUMT
082 _aRHC 891.551
_bASA-Q
100 _aAsad Ullah Khan Ghalib
245 _aQitaat, rubaayat, tarkeeb band, tarjeeh band, mokhammas (Persian)
_cAsad Ullah Khan Ghalib
260 _aLahore,Pakistan:
_bPunjab University Press,
_c1969
300 _a252 p.
546 _aPersian
650 _aPersian poetry
942 _cBK
999 _c43227
_d43227